Country or City Names in Titles of Popular Songs - Statistics

General Stats
  • This quiz has been taken 13 times
  • The average score is 7 of 24
Answer Stats
Artist Release Year Answer % Correct
Frank Sinatra 1980 New York, New York
92%
Duran Duran 1982 Rio
62%
Camila Cabello, Young Thug 2017 Havana
54%
Bruce Springsteen 1984 Born In The U.S.A.
46%
The Clash 1979 London Calling
46%
Will Smith 1997 Miami
46%
Alphaville 1984 Big In Japan
38%
George Ezra 2014 Budapest
38%
Kim Wilde 1981 Cambodia
38%
JAY-Z, Kanye West 2011 Ni**as in Paris
38%
T'Pau 1987 China In Your Hand
23%
Sting 1988 Englishman in New York
23%
Ed Sheeran 2017 Galway Girl
23%
Miley Cyrus 2009 Party In The U.S.A.
23%
Bruce Springsteen 1994 Streets Of Philadelphia
23%
Marc Cohn 1991 Walking in Memphis
23%
George Ezra 2014 Barcelona
15%
DJ Khaled, Drake 2020 GREECE
15%
Jason Derulo 2021 Acapulco
8%
Drake, Giveon 2020 Chicago Freestyle
8%
Lord Creator / (covered by) UB40 1970 / 1990 Kingston Town
8%
Bad Bunny 2023 MONACO
8%
Mattafix 2007 Living Darfur
0%
Ed Sheeran, Stormzy 2019 Take Me Back To London
0%
No matching quizzes found
Score Distribution
Percent of People with Each Score
Percentile by Number Answered
Your Score History
You have not taken this quiz